Trapped minorities hold back Midlands decay (Record no. 67034)
[ view plain ]
| 000 -LEADER | |
|---|---|
| fixed length control field | 01110cam a2200229 4500 |
| 001 - CONTROL NUMBER | |
| control field | WB3719-18 |
| 008 - FIXED-LENGTH DATA ELEMENTS--GENERAL INFORMATION | |
| fixed length control field | 000000n2001 000 0 eng u |
| 035 ## - SYSTEM CONTROL NUMBER | |
| System control number | (Sirsi) u112611 |
| 245 ## - TITLE STATEMENT | |
| Title | Trapped minorities hold back Midlands decay |
| 260 ## - PUBLICATION, DISTRIBUTION, ETC. | |
| Date of publication, distribution, etc. | 2001 |
| 490 ## - SERIES STATEMENT | |
| Series statement | Housing Today |
| Volume/sequential designation | (233) 10 May 2001, 3(1) |
| 520 ## - SUMMARY, ETC. | |
| Summary, etc. | A report commissioned by the Housing Corporation and Local Government Association is calling for action to protect homes and services in inner-city areas, and to attract new residents. The research claims that areas in the west Midlands would be facing collapse and abandonment were it not for disadvantaged groups who are trapped in old industrial areas. "The West Midlands housing markets: changing demand, decentralisation and urban regeneration" is available at a cost of £12.50 from Birmingham University's Centre for Urban and Regional Studies. |
| 590 ## - LOCAL NOTE (RLIN) | |
| Local note | WB |
| 650 ## - SUBJECT ADDED ENTRY--TOPICAL TERM | |
| Topical term or geographic name entry element | HOUSING CORPORATION |
| 650 ## - SUBJECT ADDED ENTRY--TOPICAL TERM | |
| Topical term or geographic name entry element | WEST MIDLANDS |
| 650 ## - SUBJECT ADDED ENTRY--TOPICAL TERM | |
| Topical term or geographic name entry element | INNER CITIES |
| 650 ## - SUBJECT ADDED ENTRY--TOPICAL TERM | |
| Topical term or geographic name entry element | BIRMINGHAM |
| 650 ## - SUBJECT ADDED ENTRY--TOPICAL TERM | |
| Topical term or geographic name entry element | MARKETS |
| 650 ## - SUBJECT ADDED ENTRY--TOPICAL TERM | |
| Topical term or geographic name entry element | ETHNIC MINORITIES |
| 690 ## - LOCAL SUBJECT ADDED ENTRY--TOPICAL TERM (OCLC, RLIN) | |
| Topical term or geographic name as entry element | HOUSING |
| 942 ## - ADDED ENTRY ELEMENTS (KOHA) | |
| Suppress in OPAC | 0 |
| Withdrawn status | Lost status | Source of classification or shelving scheme | Damaged status | Not for loan | Home library | Current library | Shelving location | Date acquired | Total Checkouts | Full call number | Barcode | Date last seen | Copy number | Price effective from | Koha item type |
|---|---|---|---|---|---|---|---|---|---|---|---|---|---|---|---|
| Dewey Decimal Classification | London | London | News article | 16/05/2001 | WB3719-18 | 112611-1001 | 06/08/2019 | 1 | 06/08/2019 | News article |